| 000 | 00694nam a2200193Ii 4500 | ||
|---|---|---|---|
| 003 | JO-AjNU | ||
| 008 | 230605s9999||||xx |||||||||||||| ||und|| | ||
| 040 |
_aJO-AjNU _bara _erda _cJO-AjNU |
||
| 041 | _aara | ||
| 050 | 1 | 4 | _aJF1525.A8.I 27.2012 |
| 100 | 3 |
_aابراهيم، هشام محمود , _eauthor _944112 |
|
| 245 | 0 | 0 | _aكيفية التحول الى نظام الحكومة الالكترونية نموذج تطبيقي مقترح |
| 250 | _a(د،ط) | ||
| 264 | 3 | 1 | _aالقاهرة : مركز الخبرات المهنية للادارة ، 2012 |
| 300 | _a168ص | ||
| 336 |
_atext _btxt _2rdacontent |
||
| 337 |
_aunmediated _bn _2rdamedia |
||
| 338 |
_avolume _bnc _2rdacarrier |
||
| 999 |
_aA19019 _c22587 _d22587 |
||